La enseñanza de las finanzas públicas en las facultades de ciencias económicas argentinas (Registro nro. 31523)

Detalles MARC
000 -LEADER
fixed length control field 00371 a2200109 4500
001 - CONTROL NUMBER
control field ART_30437
005 - DATE AND TIME OF LATEST TRANSACTION
control field 20260410162004.0
008 - FIXED-LENGTH DATA ELEMENTS--GENERAL INFORMATION
fixed length control field 260409a
100 1# - MAIN ENTRY--PERSONAL NAME
Personal name Macon, Jorge
245 10 - TITLE STATEMENT
Title La enseñanza de las finanzas públicas en las facultades de ciencias económicas argentinas
773 0# - HOST ITEM ENTRY
Title Boletín Informativo ASAP
Related parts - Nº 19 (jun. 1988)
Record control number REV30391

No hay ítems disponibles.